000 nam a22 a 4500
999 _c520
_d520
003 AKMAL
005 20170504102754.0
008 170504s2004 my a e 000 0 may d
020 _a9831926145 (kkt.) :
_cRM23.00
039 9 _a200504191544
_banisatul
_c200503281053
_dazwira
_c200503281050
_dazwira
_c200503261340
_dfatimah
040 _aAKMAL
_cAKMAL
049 _aklpmal
082 0 4 _a153.6 ABD
_222
090 0 0 _a153.6
_bABD
090 2 0 _a153.6
_bABD
100 0 _aAbdullah Hassan,
_d1942-
_9341
245 1 0 _aKomunikasi intim: panduan menjalin hubungan persahabatan, kekeluargaan dan kasih sayang yang memuaskan dan berkekalan /
_cAbdullah Hassan, Ainon Mohd
260 _aBentong, Pahang :
_bPTS Publications & Distributors,
_c2004
300 _a[iii], 219ms. :
_bil. ;
_c22cm.
440 0 _aSiri komunikasi
_91114
650 1 0 _aInterpersonal communication
_91169
650 2 0 _aInterpersonal relations
_9487
650 2 0 _aCommunication in marriage
_91170
700 _aAinon Muhammad,
_d1950-
_9343
942 _2ddc
_cBOOK